[Event "Mecklenburg VP Verbandsliga 2223"]
[Site "Mecklenburg VP"]
[Date "2023.05.07"]
[Round "9.2"]
[White "Stoevesand, Peter"]
[Black "Helms, Sven"]
[Result "1-0"]
[WhiteElo "1754"]
[BlackElo "1940"]
[PlyCount "97"]
[EventDate "2022.10.23"]
[EventType "team-tourn"]
[EventRounds "9"]
[EventCountry "GER"]
[SourceTitle "EXT 2024"]
[Source "ChessBase"]
[SourceDate "2023.10.10"]
[SourceVersion "1"]
[SourceVersionDate "2023.10.10"]
[SourceQuality "1"]
[WhiteTeam "Neubrandenburg SG Eintracht"]
[BlackTeam "Schwerin SF II"]
[WhiteTeamCountry "GER"]
[BlackTeamCountry "GER"]

1. e4 d5 2. exd5 Qxd5 3. Nf3 Nf6 4. d4 Bg4 5. Be2 e6 6. 0-0 Nc6 7. Be3 Qd7 8. c3 Bd6 9. a4 0-0 10. h3 Bh5 11. Nbd2 Nd5 12. Nc4 Nf4 13. Bxf4 Bxf4 14. Re1 Qd5 15. Ne3 Bxe3 16. fxe3 Rfd8 17. Nd2 Bxe2 18. Qxe2 Ne7 19. e4 Qd7 20. b4 e5 21. d5 Ng6 22. Nf3 Nf4 23. Qb5 c6 24. dxc6 bxc6 25. Qf1 Qe6 26. Red1 h6 27. Kh2 f5 28. Rxd8+ Rxd8 29. exf5 Qxf5 30. Qc4+ Kh8 31. Re1 Qc2 32. Rg1 Rd1 33. Qxc6 e4 34. Qc8+ Kh7 35. Qf5+ g6 36. Qf7+ Kh8 37. Qf8+ Kh7 38. Qxf4 exf3 39. Qxf3 Rd7 40. Re1 Kg7 41. Qe3 Rf7 42. Qd4+ Kh7 43. Re8 Rg7 44. a5 Qb1 45. Qd8 Rf7 46. Rh8+ Kg7 47. Qd4+ Rf6 48. Rd8 Qf1 49. Rd6 1-0

[Event "Mecklenburg VP Verbandsliga 2223"]
[Site "Mecklenburg VP"]
[Date "2023.03.19"]
[Round "7.2"]
[White "Stoevesand, Peter"]
[Black "Busch, Martin"]
[Result "0-1"]
[WhiteElo "1754"]
[BlackElo "2117"]
[PlyCount "64"]
[EventDate "2022.10.23"]
[EventType "team-tourn"]
[EventRounds "9"]
[EventCountry "GER"]
[SourceTitle "EXT 2024"]
[Source "ChessBase"]
[SourceDate "2023.10.10"]
[SourceVersion "1"]
[SourceVersionDate "2023.10.10"]
[SourceQuality "1"]
[WhiteTeam "Neubrandenburg SG Eintracht"]
[BlackTeam "Think Rochade"]
[WhiteTeamCountry "GER"]
[BlackTeamCountry "GER"]

1. e4 c6 2. d4 d5 3. f3 Qb6 4. Nc3 e5 5. dxe5 Bc5 6. Na4 Qa5+ 7. c3 Bxg1 8. Rxg1 dxe4 9. f4 Ne7 10. b4 Qd5 11. Be3 Qxd1+ 12. Rxd1 Nd5 13. Kd2 0-0 14. Re1 Rd8 15. Kc2 b5 16. Nb2 a5 17. a3 axb4 18. axb4 Ra3 19. Bd4 Nxb4+ 20. cxb4 Rxd4 21. Be2 Na6 22. Rd1 Nxb4+ 23. Kb1 Rxd1+ 24. Rxd1 Nd5 25. Rd2 e3 26. Rd4 Bf5+ 27. Nd3 g5 28. Kb2 Rxd3 29. Bxd3 Bxd3 30. Kc1 Nxf4 31. Rd8+ Kg7 32. g3 e2 0-1

[Event "Mecklenburg VP Verbandsliga 1920"]
[Site "Mecklenburg VP"]
[Date "2019.11.24"]
[Round "3.1"]
[White "Stoevesand, Peter"]
[Black "Stutz, Reno"]
[Result "1/2-1/2"]
[WhiteElo "1754"]
[BlackElo "2017"]
[PlyCount "49"]
[EventDate "2019.09.29"]
[EventType "team-tourn"]
[EventRounds "9"]
[EventCountry "GER"]
[SourceTitle "EXT 2023"]
[Source "ChessBase"]
[SourceDate "2022.10.05"]
[SourceVersion "1"]
[SourceVersionDate "2022.10.05"]
[SourceQuality "1"]
[WhiteTeam "Neubrandenburg SG Eintracht"]
[BlackTeam "Wismar ASV Gruen-Weiss"]
[WhiteTeamCountry "GER"]
[BlackTeamCountry "GER"]

1. e4 d5 2. exd5 Nf6 3. Nc3 Nxd5 4. d4 Bf5 5. Qf3 e6 6. Nxd5 Qxd5 7. Qxd5 exd5 8. c3 Bd6 9. Ne2 0-0 10. Bf4 Bxf4 11. Nxf4 Re8+ 12. Kd2 c6 13. Bd3 Bxd3 14. Nxd3 Nd7 15. Rhe1 f6 16. b3 Kf7 17. a4 Rxe1 18. Rxe1 Re8 19. Rxe8 Kxe8 20. a5 Ke7 21. f4 Kd6 22. g4 g5 23. f5 b6 24. axb6 axb6 25. b4 1/2-1/2

[Event "Mecklenburg VP Verbandsliga 1920"]
[Site "Mecklenburg VP"]
[Date "2019.10.20"]
[Round "2.1"]
[White "Lehmann, Ruben"]
[Black "Stoevesand, Peter"]
[Result "1-0"]
[WhiteElo "1954"]
[BlackElo "1754"]
[PlyCount "77"]
[EventDate "2019.09.29"]
[EventType "team-tourn"]
[EventRounds "9"]
[EventCountry "GER"]
[SourceTitle "EXT 2023"]
[Source "ChessBase"]
[SourceDate "2022.10.05"]
[SourceVersion "1"]
[SourceVersionDate "2022.10.05"]
[SourceQuality "1"]
[WhiteTeam "Stralsund HSG"]
[BlackTeam "Neubrandenburg SG Eintracht"]
[WhiteTeamCountry "GER"]
[BlackTeamCountry "GER"]

1. d4 d5 2. c4 e6 3. Nc3 Nf6 4. Bg5 Be7 5. cxd5 exd5 6. e3 0-0 7. Bd3 Nbd7 8. Nge2 b6 9. 0-0 Bb7 10. Ng3 h6 11. Bf4 c5 12. Nf5 c4 13. Bc2 a6 14. Qf3 Re8 15. Qg3 Nh5 16. Nxh6+ Kf8 17. Qh3 Ndf6 18. Nf5 g6 19. g4 gxf5 20. gxh5 Bd6 21. Bg5 Ke7 22. Qxf5 Rg8 23. Kh1 Rxg5 24. Qxg5 Qc7 25. Qh4 Rh8 26. h6 b5 27. Rg1 b4 28. Ne2 c3 29. bxc3 Qc4 30. Ng3 Bc8 31. Bb3 Qxc3 32. Rac1 Qd2 33. Rxc8 Rxc8 34. Nf5+ Ke6 35. Nxd6 Rc1 36. Rxc1 Qxc1+ 37. Kg2 Qb1 38. Qg5 Qh7 39. Qe5+ 1-0

[Event "Mecklenburg VP VL 1718"]
[Site "Mecklenburg VP"]
[Date "2018.04.22"]
[Round "9.3"]
[White "Stoevesand, Peter"]
[Black "Fischer, Torsten"]
[Result "1/2-1/2"]
[WhiteElo "1901"]
[BlackElo "1955"]
[PlyCount "77"]
[EventDate "2017.10.08"]
[EventType "team-tourn"]
[EventRounds "9"]
[EventCountry "GER"]
[SourceTitle "EXT 2022"]
[Source "ChessBase"]
[SourceDate "2021.10.06"]
[SourceVersion "1"]
[SourceVersionDate "2021.10.06"]
[SourceQuality "1"]
[WhiteTeam "Neubrandenburg SG Eintracht"]
[BlackTeam "Schwerin SF III"]
[WhiteTeamCountry "GER"]
[BlackTeamCountry "GER"]

1. e4 e6 2. d4 d5 3. Nc3 Bb4 4. e5 Ne7 5. a3 Bxc3+ 6. bxc3 c5 7. f4 Nbc6 8. Nf3 Bd7 9. Be3 Nf5 10. Bf2 Qa5 11. Qd2 cxd4 12. cxd4 Rc8 13. Bd3 Qxd2+ 14. Kxd2 Na5 15. Rhb1 Rc7 16. Bh4 0-0 17. g4 Nxh4 18. Nxh4 Rfc8 19. Nf3 Ba4 20. Ra2 Kf8 21. Rb4 Bd7 22. Rab2 Ke7 23. g5 Rc3 24. Ra2 a6 25. Ng1 R3c7 26. Ne2 Rh8 27. Ra1 g6 28. Rab1 h6 29. h4 hxg5 30. hxg5 b5 31. Rg1 Rh2 32. Rbb1 Rc8 33. Rh1 Rch8 34. Rxh2 Rxh2 35. Kc3 Nc6 36. Re1 Kd8 37. Nc1 Kc7 38. Nb3 Rh4 39. Rf1 1/2-1/2

[Event "Mecklenburg VP VL 1718"]
[Site "Mecklenburg VP"]
[Date "2018.01.21"]
[Round "5.3"]
[White "Stoevesand, Peter"]
[Black "Hammel, Ralf"]
[Result "1/2-1/2"]
[WhiteElo "1901"]
[BlackElo "1917"]
[PlyCount "49"]
[EventDate "2017.10.08"]
[EventType "team-tourn"]
[EventRounds "9"]
[EventCountry "GER"]
[SourceTitle "EXT 2022"]
[Source "ChessBase"]
[SourceDate "2021.10.06"]
[SourceVersion "1"]
[SourceVersionDate "2021.10.06"]
[SourceQuality "1"]
[WhiteTeam "Neubrandenburg SG Eintracht"]
[BlackTeam "Rostock HSG Uni"]
[WhiteTeamCountry "GER"]
[BlackTeamCountry "GER"]

1. e4 e6 2. d4 d5 3. Nc3 Bb4 4. e5 c5 5. Qg4 Ne7 6. Bb5+ Bd7 7. Bxd7+ Nxd7 8. dxc5 Bxc3+ 9. bxc3 Qa5 10. Ne2 Nf5 11. Qb4 Qxc5 12. Qxc5 Nxc5 13. 0-0 Rc8 14. Rb1 b6 15. Rd1 Ne4 16. Rd3 Nc5 17. Rh3 0-0 18. Ba3 Rfe8 19. Kf1 Ne4 20. Rd3 Nc5 21. Bxc5 Rxc5 22. Ke1 Rec8 23. Kd2 Ra5 24. Rb2 Rc4 25. Nd4 1/2-1/2

[Event "Mecklenburg VP VL 1718"]
[Site "Mecklenburg VP"]
[Date "2017.11.26"]
[Round "3.3"]
[White "Luther, Alexander"]
[Black "Stoevesand, Peter"]
[Result "0-1"]
[WhiteElo "1973"]
[BlackElo "1901"]
[PlyCount "122"]
[EventDate "2017.10.08"]
[EventType "team-tourn"]
[EventRounds "9"]
[EventCountry "GER"]
[SourceTitle "EXT 2022"]
[Source "ChessBase"]
[SourceDate "2021.10.06"]
[SourceVersion "1"]
[SourceVersionDate "2021.10.06"]
[SourceQuality "1"]
[WhiteTeam "Guestrow/Teterow"]
[BlackTeam "Neubrandenburg SG Eintracht"]
[WhiteTeamCountry "GER"]
[BlackTeamCountry "GER"]

1. e4 e5 2. Nf3 Nc6 3. d4 exd4 4. Nxd4 Bc5 5. Be3 Qf6 6. c3 Nge7 7. Bc4 Ne5 8. Be2 Qg6 9. 0-0 d6 10. Kh1 0-0 11. f4 Ng4 12. Bg1 Bxd4 13. cxd4 f5 14. e5 dxe5 15. dxe5 Be6 16. Nc3 Rfd8 17. Qc2 Bd5 18. Nxd5 Nxd5 19. Rad1 Nge3 20. Bxe3 Qxg2+ 21. Kxg2 Nxe3+ 22. Kf2 Nxc2 23. Rxd8+ Rxd8 24. Rd1 Rxd1 25. Bxd1 Nd4 26. Ke3 c5 27. b4 b6 28. bxc5 bxc5 29. Bb3+ Kf8 30. Kd3 Ke7 31. Bg8 h6 32. Kc4 g5 33. fxg5 hxg5 34. Kxc5 Nf3 35. Kd5 Nxh2 36. Bh7 f4 37. Ke4 f3 38. Ke3 Ke6 39. Kf2 Kxe5 40. Kg3 f2 41. Kxf2 Kf4 42. Bg8 Ng4+ 43. Ke2 Ne3 44. Be6 g4 45. Bd7 g3 46. Bc6 Nc2 47. Bg2 Nb4 48. a4 Nc2 49. Kd2 Ne3 50. Bb7 g2 51. Bxg2 Nxg2 52. Kc3 Ke5 53. Kb4 Kd6 54. Kb5 Kc7 55. Ka6 Kb8 56. a5 Nf4 57. Kb5 Ne6 58. Kc6 Nc7 59. Kc5 Kb7 60. Kb4 Kc6 61. Kc4 Na6 0-1

[Event "Mecklenburg VP LL 1617"]
[Site "Mecklenburg VP"]
[Date "2017.02.26"]
[Round "6.5"]
[White "Stoevesand, Peter"]
[Black "Grehl, Tino"]
[Result "0-1"]
[WhiteElo "1851"]
[BlackElo "1843"]
[PlyCount "120"]
[EventDate "2016.10.16"]
[EventType "team-tourn"]
[EventRounds "9"]
[EventCountry "GER"]
[SourceTitle "EXT 2022"]
[Source "ChessBase"]
[SourceDate "2021.10.06"]
[SourceVersion "1"]
[SourceVersionDate "2021.10.06"]
[SourceQuality "1"]
[WhiteTeam "Neubrandenburg SG Eintracht"]
[BlackTeam "Greifswald II"]
[WhiteTeamCountry "GER"]
[BlackTeamCountry "GER"]

1. e4 c5 2. Nf3 Nc6 3. d4 cxd4 4. Nxd4 Nf6 5. Nc3 d6 6. Bc4 e6 7. 0-0 Be7 8. Be3 0-0 9. Qd2 a6 10. a3 Qc7 11. Bb3 Ng4 12. f4 Nxe3 13. Qxe3 Nxd4 14. Qxd4 d5 15. Kh1 dxe4 16. Qxe4 Bf6 17. Rf3 Bd7 18. Rd3 Bc6 19. Qe3 Rad8 20. Rad1 Rxd3 21. Rxd3 Rd8 22. Qd2 Rxd3 23. cxd3 h6 24. Bd1 Qd7 25. Bf3 Bxf3 26. gxf3 Qd4 27. Kg2 g5 28. fxg5 Bxg5 29. Qe2 Qg7 30. Kf1 Bf6 31. Qg2 Qxg2+ 32. Kxg2 Bd4 33. a4 Kf8 34. Ne4 Ke7 35. b3 f5 36. Nd2 Kd6 37. f4 Kc5 38. Kf3 Kb4 39. Ke2 Bc3 40. Nc4 Kxb3 41. a5 Bb4 42. h4 Ka4 43. h5 Bxa5 44. Nd6 Bc7 45. Nxb7 Kb4 46. d4 Bxf4 47. Nc5 Kc4 48. Nxe6 Bd6 49. Ng7 f4 50. Nf5 Bf8 51. Kf3 a5 52. Kxf4 a4 53. Ke4 a3 54. Ne3+ Kb3 55. Kd3 a2 56. Nc2 Kb2 57. d5 Bd6 58. Kd2 Be5 59. Nb4 a1Q 60. Nd3+ Kb3 0-1

[Event "Mecklenburg VP LL2 Ost 1314"]
[Site "Mecklenburg VP"]
[Date "2014.04.27"]
[Round "9.6"]
[White "Reimer, Karl"]
[Black "Stoevesand, Peter"]
[Result "0-1"]
[WhiteElo "1619"]
[BlackElo "1831"]
[PlyCount "69"]
[EventDate "2013.10.27"]
[EventType "team-tourn"]
[EventRounds "9"]
[EventCountry "GER"]
[SourceTitle "EXT 2022"]
[Source "ChessBase"]
[SourceDate "2021.10.06"]
[SourceVersion "1"]
[SourceVersionDate "2021.10.06"]
[SourceQuality "1"]
[WhiteTeam "Wolgast Motor"]
[BlackTeam "Neubrandenburg SG Eintracht"]
[WhiteTeamCountry "GER"]
[BlackTeamCountry "GER"]

1. c4 c5 2. Nc3 e6 3. Nf3 Ne7 4. g3 g6 5. Bg2 Bg7 6. 0-0 0-0 7. d4 cxd4 8. Nxd4 Nbc6 9. e3 Qb6 10. Ne4 Qb4 11. b3 Nxd4 12. exd4 d5 13. a3 Qa5 14. b4 Qa6 15. b5 Qa5 16. cxd5 Nxd5 17. Rb1 a6 18. b6 Bd7 19. Nc5 Bc6 20. a4 Nc3 21. Qd2 Bxd4 22. Nb3 Qxb6 23. Nxd4 Qxd4 24. Rb2 Qxd2 25. Rxd2 Bxg2 26. Kxg2 Nxa4 27. Ba3 Rfd8 28. Rfd1 Rxd2 29. Rxd2 Rc8 30. Rd7 b6 31. Bd6 Nc3 32. Be5 Nd5 33. h4 h5 34. Kf3 Ra8 35. Ke4 0-1

[Event "Mecklenburg VP LL2 Ost 1314"]
[Site "Mecklenburg VP"]
[Date "2014.01.19"]
[Round "5.8"]
[White "Stoevesand, Peter"]
[Black "Schroeter, Reinhard"]
[Result "1-0"]
[WhiteElo "1831"]
[BlackElo "1476"]
[PlyCount "83"]
[EventDate "2013.10.27"]
[EventType "team-tourn"]
[EventRounds "9"]
[EventCountry "GER"]
[SourceTitle "EXT 2022"]
[Source "ChessBase"]
[SourceDate "2021.10.06"]
[SourceVersion "1"]
[SourceVersionDate "2021.10.06"]
[SourceQuality "1"]
[WhiteTeam "Neubrandenburg SG Eintracht"]
[BlackTeam "Graal Mueritz"]
[WhiteTeamCountry "GER"]
[BlackTeamCountry "GER"]

1. e4 c5 2. Nf3 d6 3. d4 cxd4 4. Nxd4 Nf6 5. Nc3 a6 6. Be2 e6 7. Be3 Be7 8. Qd2 b5 9. f3 Qc7 10. 0-0 0-0 11. a3 Bb7 12. Rac1 d5 13. exd5 Nxd5 14. Nxd5 Bxd5 15. Bd3 Nd7 16. f4 Rfd8 17. Nb3 Bf6 18. Rb1 Nb6 19. Qa5 Rd6 20. Nc5 Bd8 21. Nxa6 Qc8 22. Qxb5 Bc6 23. Bxh7+ Kxh7 24. Qh5+ Kg8 25. Nb4 Nd5 26. Bc5 Bb6 27. Bxb6 Nxb6 28. Qc5 Qc7 29. Rbd1 Nd5 30. c4 Ra5 31. Nxd5 Rxd5 32. Qe3 Rd7 33. b4 Ra8 34. b5 Bb7 35. c5 Bd5 36. Rb1 Bc4 37. Rfc1 Rd3 38. Qe5 Qxe5 39. fxe5 Ra4 40. c6 Rd8 41. b6 Bd3 42. c7 1-0

[Event "Mecklenburg VP LL2 Ost 1314"]
[Site "Mecklenburg VP"]
[Date "2013.11.10"]
[Round "2.7"]
[White "Stoevesand, Peter"]
[Black "Ritter, Wolfgang"]
[Result "1-0"]
[WhiteElo "1831"]
[BlackElo "1482"]
[PlyCount "75"]
[EventDate "2013.10.27"]
[EventType "team-tourn"]
[EventRounds "9"]
[EventCountry "GER"]
[SourceTitle "EXT 2022"]
[Source "ChessBase"]
[SourceDate "2021.10.06"]
[SourceVersion "1"]
[SourceVersionDate "2021.10.06"]
[SourceQuality "1"]
[WhiteTeam "Neubrandenburg SG Eintracht"]
[BlackTeam "Binz Therme Ruegen"]
[WhiteTeamCountry "GER"]
[BlackTeamCountry "GER"]

1. e4 d6 2. d4 g6 3. Nf3 Bg7 4. Bg5 Bg4 5. c3 Nd7 6. Nbd2 Ngf6 7. Qc2 Bxf3 8. Nxf3 e5 9. 0-0-0 Qe7 10. Bc4 h6 11. Bh4 g5 12. dxe5 dxe5 13. Bg3 Nh5 14. Rd2 Nxg3 15. hxg3 0-0-0 16. Qb3 Nc5 17. Qa3 a6 18. Rhd1 g4 19. Nh4 Rxd2 20. Rxd2 Rd8 21. Bd5 Bf8 22. b4 Ne6 23. Qb3 Qg5 24. Qd1 Be7 25. Nf5 h5 26. Kc2 c6 27. Bb3 Rxd2+ 28. Qxd2 Qxd2+ 29. Kxd2 Bd8 30. Nd6+ Kd7 31. Nxf7 Bc7 32. Bxe6+ Kxe6 33. Nh6 Bb6 34. f3 gxf3 35. gxf3 Bf2 36. Nf5 Kf6 37. Ke2 Bb6 38. Nd6 1-0

[Event "Mecklenburg VP VL 1112"]
[Site "Mecklenburg VP"]
[Date "2011.12.11"]
[Round "4.7"]
[White "Stoevesand, Peter"]
[Black "Dohnow, Thomas"]
[Result "1/2-1/2"]
[WhiteElo "1735"]
[BlackElo "1705"]
[PlyCount "38"]
[EventDate "2011.10.02"]
[EventType "team-tourn"]
[EventRounds "9"]
[EventCountry "GER"]
[SourceTitle "EXT 2022"]
[Source "ChessBase"]
[SourceDate "2021.10.06"]
[SourceVersion "1"]
[SourceVersionDate "2021.10.06"]
[SourceQuality "1"]
[WhiteTeam "Neubrandenburg SG Eintracht"]
[BlackTeam "Waren ESV"]
[WhiteTeamCountry "GER"]
[BlackTeamCountry "GER"]

1. e4 c5 2. Nf3 a6 3. d4 cxd4 4. Nxd4 Nf6 5. Nc3 e5 6. Nb3 Bb4 7. Bg5 Bxc3+ 8. bxc3 d6 9. c4 h6 10. Bxf6 Qxf6 11. Be2 Qg6 12. 0-0 0-0 13. Qd3 Nc6 14. c3 Rd8 15. Rfd1 Be6 16. Rd2 Rd7 17. Rb2 Rc8 18. Rab1 Rcc7 19. Qe3 Kh8 1/2-1/2

[Event "GER-chA U25"]
[Site "Oberhof"]
[Date "2011.06.17"]
[Round "8"]
[White "Stoevesand, Peter"]
[Black "Becker, Matthias"]
[Result "0-1"]
[WhiteElo "1563"]
[BlackElo "1912"]
[PlyCount "66"]
[EventDate "2011.06.11"]
[EventType "swiss"]
[EventRounds "9"]
[EventCountry "GER"]
[SourceTitle "CBM 142 Extra"]
[Source "ChessBase"]
[SourceDate "2011.06.27"]
[SourceVersion "1"]
[SourceVersionDate "2011.06.27"]
[SourceQuality "1"]

1. e4 e6 2. d4 d5 3. Nc3 Bb4 4. e5 c5 5. a3 Ba5 6. b4 cxd4 7. Nb5 Bc7 8. f4 Ne7 9. Nf3 Nbc6 10. Nbxd4 Nxd4 11. Nxd4 Bd7 12. c3 0-0 13. Qg4 Qc8 14. Bd3 Bxe5 15. Bxh7+ Kxh7 16. Qh3+ Kg8 17. fxe5 Qc4 18. Rf1 Ng6 19. Bb2 Nxe5 20. 0-0-0 a5 21. Qg3 Nc6 22. Nxc6 Qxc6 23. Kb1 f6 24. h4 e5 25. h5 Be8 26. Qh4 axb4 27. cxb4 d4 28. g4 Qe4+ 29. Ka1 Bf7 30. Rd2 Qd5 31. Bc1 Qb3 32. Qf2 Rfc8 33. Re1 Rxc1+ 0-1

[Event "GER-chA U25"]
[Site "Oberhof"]
[Date "2011.06.15"]
[Round "6"]
[White "Stoevesand, Peter"]
[Black "Kieslich, Aaron"]
[Result "0-1"]
[WhiteElo "1563"]
[BlackElo "1815"]
[PlyCount "58"]
[EventDate "2011.06.11"]
[EventType "swiss"]
[EventRounds "9"]
[EventCountry "GER"]
[SourceTitle "CBM 142 Extra"]
[Source "ChessBase"]
[SourceDate "2011.06.27"]
[SourceVersion "1"]
[SourceVersionDate "2011.06.27"]
[SourceQuality "1"]

1. e4 c5 2. Nf3 d6 3. d4 cxd4 4. Nxd4 Nf6 5. Nc3 a6 6. Bg5 e6 7. f4 Be7 8. Qf3 Qc7 9. 0-0-0 Nbd7 10. g4 b5 11. Bxf6 Nxf6 12. g5 Nd7 13. f5 Bxg5+ 14. Kb1 Ne5 15. Qh5 Qd8 16. Nxe6 Bxe6 17. fxe6 0-0 18. h4 Bf6 19. Bh3 Kh8 20. Nd5 g6 21. Qe2 Nc4 22. e5 Nxe5 23. Nxf6 Qxf6 24. Rxd6 Nc4 25. c3 Nxd6 26. Rf1 Nf5 27. h5 Qxe6 28. Qd3 Rad8 29. Qc2 Ne3 0-1

[Event "Mecklenburg VP LL2 Ost 1011"]
[Site "Mecklenburg VP"]
[Date "2011.01.16"]
[Round "5.3"]
[White "Stoevesand, Peter"]
[Black "Reinke, Thomas"]
[Result "1-0"]
[WhiteElo "1552"]
[BlackElo "1813"]
[PlyCount "97"]
[EventDate "2010.10.10"]
[EventType "team-tourn"]
[EventRounds "9"]
[EventCountry "GER"]
[SourceTitle "EXT 2022"]
[Source "ChessBase"]
[SourceDate "2021.10.06"]
[SourceVersion "1"]
[SourceVersionDate "2021.10.06"]
[SourceQuality "1"]
[WhiteTeam "Neubrandenburg SG Eintracht II"]
[BlackTeam "Wolgast Motor"]
[WhiteTeamCountry "GER"]
[BlackTeamCountry "GER"]

1. e4 e6 2. d4 d5 3. Nc3 Nf6 4. Bg5 dxe4 5. Nxe4 Nbd7 6. Nf3 Be7 7. Bxf6 Nxf6 8. Nxf6+ Bxf6 9. c3 Bd7 10. Bc4 0-0 11. 0-0 Bc6 12. Re1 Qd6 13. Ne5 Bxe5 14. Rxe5 Rad8 15. Bd3 g6 16. Qd2 f6 17. Re3 Qf4 18. Qe2 e5 19. dxe5 fxe5 20. Be4 Bxe4 21. Rxe4 Qd2 22. Rxe5 Qxe2 23. Rxe2 Rd7 24. Rae1 Kf7 25. g3 Rfd8 26. Re4 c5 27. Kg2 Rc8 28. Rh4 Kg7 29. Re5 Rcc7 30. Rhe4 Kf6 31. g4 Rd2 32. Re2 Rd6 33. h4 Rd3 34. h5 gxh5 35. Rxh5 b6 36. f4 Rcd7 37. Kf2 Rd1 38. Rh6+ Kg7 39. Rhe6 Kf7 40. g5 R1d3 41. f5 R3d5 42. R6e5 Rxe5 43. Rxe5 Rd2+ 44. Kf3 Rxb2 45. f6 Rb1 46. Re7+ Kf8 47. Rxh7 b5 48. Ke4 b4 49. g6 1-0